000 00366nam a2200145 i 4500
001 bg
100 1 _aHALUCH, Renata
245 0 _aBadania nad wpływem biotyny na rozkład fenolu /
_cR. Haluch, E. Kocwa.
260 _aKraków,
_c1979.
700 1 _aKOCWA, Elżbieta
040 _cBPK
041 _apol
942 _cKS
008 s pl f |000 0 pol
999 _c18814
_d18814
856 _uhttp://koha.tu.koszalin.pl/cgi-bin/koha/opac-detail.pl?biblionumber=18814
_yKatalog online BPK